00705nam a2200193 a 450000100100000000500170001000800410002702000150006804000130008308200160009624501120011226000820022430000210030650000210032750400730034850400280042170000340044970000280048300000543720200929151658.0090819s1993 sp 001 0 spa d a8400073525 aDO-SdBNP axxxxbC737n00aCompendio de nomenclatura macromolecular /cpreparado por M. V. Metanomski ; traducción J. Alemán-Vega. aMadrid, España :bConsejo Superior de Investigaciones Científicas,c1993. a172 p. ;c28 cm. aIncluye índice aIncluye referencias bibliográficas y notas al pie de las páginas aIncluye bibliografías1 aMetanomski, M. V.,epreparado1 aAlemán-Vega, J.,etr.